Normal view
MARC view
- México
Entry Nombre Geográfico
001 - NÚMERO DE CONTROL
- campo de control: 1528
003 - IDENTIFICADOR DE NUMERO DE CONTROL
- campo de control: UPN
005 - FECHA Y HORA DE LA ÜLTIMA TRANSACCIÓN
- campo de control: 20230519124104.0
008 - DATOS DE LONGITUD FIJA
- campo de control de longitud fija: 230519n||acnnnbabn | ana |d
035 ## - NÚMERO DE CONTROL
- Número de control: UPN10000001528
040 ## - FUENTE DE CATALOGACIÓN
- Agencia de catalogación original: UPN
- Lenguaje de catalogación: spa
- Agencia de transcripción: UPN
151 ## - ENCABEZAMIENTO - NOMBRE GEOGRÁFICO
- Nombre geográfico: México
- Subdivisión general : Historiografía
451 ## - VER DESDE EL RASTREO--NOMBRE GEOGRÁFICO
- Geographic name: México -
- General subdivision: Historia -
- General subdivision: Historiografía
670 ## - FUENTE EN LA QUE SE LOCALIZARON DATOS
- Cita de la fuente: LC
- Información localizada: Mexico - Historiography
902 ## - CATALOGADOR
- Catalogador: BDV/051203
